<?xml version="1.0" encoding="UTF-8"?>
<record
    xmlns:xsi="http://www.w3.org/2001/XMLSchema-instance"
    xsi:schemaLocation="http://www.loc.gov/MARC21/slim http://www.loc.gov/standards/marcxml/schema/MARC21slim.xsd"
    xmlns="http://www.loc.gov/MARC21/slim">

  <leader>02339nam a2200385 c 4500</leader>
  <controlfield tag="003">PE-LiUPU</controlfield>
  <controlfield tag="005">20251125174927.0</controlfield>
  <controlfield tag="008">200925s2020    sp a   | |||| 000 0 spa  </controlfield>
  <datafield tag="020" ind1=" " ind2=" ">
    <subfield code="a">9788498288056</subfield>
  </datafield>
  <datafield tag="040" ind1=" " ind2=" ">
    <subfield code="a">SpMaBN</subfield>
    <subfield code="b">spa</subfield>
    <subfield code="c">PE-LiUPU</subfield>
    <subfield code="e">rda</subfield>
    <subfield code="d">PE-LiUPU</subfield>
  </datafield>
  <datafield tag="041" ind1="1" ind2=" ">
    <subfield code="a">spa</subfield>
    <subfield code="h">ita</subfield>
  </datafield>
  <datafield tag="082" ind1=" " ind2=" ">
    <subfield code="2">23</subfield>
    <subfield code="a">712</subfield>
    <subfield code="b">T713p</subfield>
  </datafield>
  <datafield tag="100" ind1="1" ind2=" ">
    <subfield code="a">Tosco, Carlo</subfield>
    <subfield code="e">autor.</subfield>
  </datafield>
  <datafield tag="245" ind1="1" ind2="3">
    <subfield code="a">El paisaje como historia /</subfield>
    <subfield code="c">Carlo Tosco ; traducci&#xF3;n, Emilio Mart&#xED;n Guti&#xE9;rrez</subfield>
  </datafield>
  <datafield tag="264" ind1=" " ind2="1">
    <subfield code="a">C&#xE1;diz (Espa&#xF1;a)</subfield>
    <subfield code="b">Editorial UCA, Universidad de C&#xE1;diz,</subfield>
    <subfield code="c">2020.</subfield>
  </datafield>
  <datafield tag="300" ind1=" " ind2=" ">
    <subfield code="a">154 p&#xE1;ginas, 10 p&#xE1;ginas de l&#xE1;minas sin numerar :</subfield>
    <subfield code="b">ilustraciones (color) ;</subfield>
    <subfield code="c">24 cm</subfield>
  </datafield>
  <datafield tag="336" ind1=" " ind2=" ">
    <subfield code="a">Texto</subfield>
    <subfield code="2">rdacontent</subfield>
  </datafield>
  <datafield tag="337" ind1=" " ind2=" ">
    <subfield code="a">sin mediaci&#xF3;n</subfield>
    <subfield code="2">rdamedia</subfield>
  </datafield>
  <datafield tag="338" ind1=" " ind2=" ">
    <subfield code="a">volumen</subfield>
    <subfield code="2">rdacarrier</subfield>
  </datafield>
  <datafield tag="490" ind1="0" ind2=" ">
    <subfield code="a">Colecci&#xF3;n Poli&#xE9;drica. Paisaje y cultura ;</subfield>
    <subfield code="v">4</subfield>
  </datafield>
  <datafield tag="504" ind1=" " ind2=" ">
    <subfield code="a">Bibliograf&#xED;a: p&#xE1;ginas 209-234129-154</subfield>
  </datafield>
  <datafield tag="505" ind1=" " ind2=" ">
    <subfield code="a">Los paisajes del arte -- &#xC9;xitos de un g&#xE9;nero pict&#xF3;rico -- El nombre y la cosa -- La mirada del pintor y la medida del cart&#xF3;grafo -- Nuevas fronteras -- La &#xE9;poca rom&#xE1;ntica -- La obra de arte y su entorno -- Paisajes de la ciencia -- La historia descubre los paisajes -- Tentaciones del determinismo Las estructuras del territorio -- &#xBF;D&#xF3;nde est&#xE1; B&#xE9;lgica? La nueva geograf&#xED;a regional -- El territorio como sedimento hist&#xF3;rico -- El paisaje de los Annales -- Aportaciones de la arqueolog&#xED;a -- El paisaje como forma de trabajo &#x2013; Lecturas estructurales &#x2013; La revancha de la forma &#x2013; Las razones de la est&#xE9;tica &#x2013; Im&#xE1;genes medioambientales &#x2013; Paisajes construidos &#x2013; Geograf&#xED;as culturales &#x2013; Ecohistorias y microhistorias &#x2013; Para una historia de los paisajes &#x2013; La unidad de los fen&#xF3;menos locales &#x2013; Historia del territorio e historia del paisaje &#x2013; La ampliaci&#xF3;n de las fuentes &#x2013; La forma ambiental &#x2013; Historia y puesta en valor.</subfield>
  </datafield>
  <datafield tag="526" ind1=" " ind2=" ">
    <subfield code="a">P158</subfield>
  </datafield>
  <datafield tag="526" ind1=" " ind2=" ">
    <subfield code="a">P146</subfield>
  </datafield>
  <datafield tag="526" ind1=" " ind2=" ">
    <subfield code="a">P17</subfield>
  </datafield>
  <datafield tag="526" ind1=" " ind2=" ">
    <subfield code="a">P12</subfield>
  </datafield>
  <datafield tag="526" ind1=" " ind2=" ">
    <subfield code="a">P06</subfield>
  </datafield>
  <datafield tag="650" ind1="1" ind2="7">
    <subfield code="a">Naturaleza (Est&#xE9;tica)</subfield>
    <subfield code="2">embne</subfield>
  </datafield>
  <datafield tag="650" ind1="2" ind2="7">
    <subfield code="a">Arte</subfield>
    <subfield code="v">Historia</subfield>
    <subfield code="2">embne</subfield>
  </datafield>
  <datafield tag="650" ind1="2" ind2="7">
    <subfield code="a">Paisaje</subfield>
    <subfield code="x">En el arte</subfield>
    <subfield code="2">embne</subfield>
  </datafield>
  <datafield tag="700" ind1="1" ind2=" ">
    <subfield code="a">Mart&#xED;n Guti&#xE9;rrez, Emilio</subfield>
    <subfield code="d">1963-</subfield>
    <subfield code="e">traductor</subfield>
  </datafield>
  <datafield tag="942" ind1=" " ind2=" ">
    <subfield code="2">ddc</subfield>
    <subfield code="c">BK</subfield>
  </datafield>
  <datafield tag="980" ind1=" " ind2=" ">
    <subfield code="8">18226</subfield>
    <subfield code="g">Jaime Vilcaz&#xE1;n Jefe de An&#xE1;lisis Documental</subfield>
  </datafield>
  <datafield tag="999" ind1=" " ind2=" ">
    <subfield code="c">62125</subfield>
    <subfield code="d">62124</subfield>
  </datafield>
  <datafield tag="952" ind1=" " ind2=" ">
    <subfield code="r">2025-12-03 00:00:00</subfield>
    <subfield code="l">0</subfield>
    <subfield code="o">712 T713p</subfield>
    <subfield code="p">82902</subfield>
    <subfield code="t">e2</subfield>
    <subfield code="v">53.82</subfield>
    <subfield code="w">2025-11-25</subfield>
    <subfield code="x">FIA</subfield>
    <subfield code="y">BK</subfield>
    <subfield code="1">0</subfield>
    <subfield code="2">ddc</subfield>
    <subfield code="5">0</subfield>
    <subfield code="7">0</subfield>
    <subfield code="8">GEN</subfield>
    <subfield code="f">P06</subfield>
    <subfield code="a">BUL</subfield>
    <subfield code="b">BUL</subfield>
    <subfield code="c">GEN</subfield>
    <subfield code="d">2025-11-21</subfield>
    <subfield code="e">COMPRA, LICTUN S.A.C</subfield>
    <subfield code="g">48.82</subfield>
  </datafield>
</record>
